Fundamentals of Power Semiconductor Devices

Fundamentals of Power Semiconductor Devices provides an in-depth treatment of the physics of operation of power semiconductor devices that are commonly used by the power electronics industry. Analytical models for explaining the operation of all power semiconductor devices are developed. The treatme...

Πλήρης περιγραφή

Λεπτομέρειες βιβλιογραφικής εγγραφής
Κύριος συγγραφέας: Baliga, B. Jayant (Συγγραφέας)
Συγγραφή απο Οργανισμό/Αρχή: SpringerLink (Online service)
Μορφή: Ηλεκτρονική πηγή Ηλ. βιβλίο
Γλώσσα:English
Έκδοση: Boston, MA : Springer US, 2008.
Θέματα:
Διαθέσιμο Online:Full Text via HEAL-Link
LEADER 03148nam a22005775i 4500
001 978-0-387-47314-7
003 DE-He213
005 20151204142644.0
007 cr nn 008mamaa
008 100715s2008 xxu| s |||| 0|eng d
020 |a 9780387473147  |9 978-0-387-47314-7 
024 7 |a 10.1007/978-0-387-47314-7  |2 doi 
040 |d GrThAP 
050 4 |a TK7800-8360 
050 4 |a TK7874-7874.9 
072 7 |a TJF  |2 bicssc 
072 7 |a TEC008000  |2 bisacsh 
072 7 |a TEC008070  |2 bisacsh 
082 0 4 |a 621.381  |2 23 
100 1 |a Baliga, B. Jayant.  |e author. 
245 1 0 |a Fundamentals of Power Semiconductor Devices  |h [electronic resource] /  |c by B. Jayant Baliga. 
264 1 |a Boston, MA :  |b Springer US,  |c 2008. 
300 |a XXIV, 1072 p. 450 illus.  |b online resource. 
336 |a text  |b txt  |2 rdacontent 
337 |a computer  |b c  |2 rdamedia 
338 |a online resource  |b cr  |2 rdacarrier 
347 |a text file  |b PDF  |2 rda 
505 0 |a Material Properties and Transport Physics -- Breakdown Voltage -- Schottky Rectifiers -- P-i-N Rectifiers -- Power MOSFETs -- Bipolar Junction Transistors -- Thyristors -- Thyristors -- Synopsis. 
520 |a Fundamentals of Power Semiconductor Devices provides an in-depth treatment of the physics of operation of power semiconductor devices that are commonly used by the power electronics industry. Analytical models for explaining the operation of all power semiconductor devices are developed. The treatment focuses on silicon devices but includes the unique attributes and design requirements for emerging silicon carbide devices. Drawing upon years of practical experience and using numerous examples and illustrative applications, B. Jayant Baliga discusses: Numerical simulation examples to elucidate the operating physics and validate the models Device performance attributes that allow practicing engineers in the industry to develop products Treatment of all types of power rectifiers and transistors to create a comprehensive reference in the field Fundamentals of Power Semiconductor Devices will be of interest to practicing engineers in the power semiconductor device community and can also serve as an ideal textbook for teaching courses on power semiconductor devices due to the extensive analytical treatment provided for all device structures. 
650 0 |a Engineering. 
650 0 |a Energy. 
650 0 |a Solid state physics. 
650 0 |a Electric power production. 
650 0 |a Spectroscopy. 
650 0 |a Microscopy. 
650 0 |a Electronics. 
650 0 |a Microelectronics. 
650 0 |a Electronic circuits. 
650 1 4 |a Engineering. 
650 2 4 |a Electronics and Microelectronics, Instrumentation. 
650 2 4 |a Energy Technology. 
650 2 4 |a Circuits and Systems. 
650 2 4 |a Solid State Physics. 
650 2 4 |a Spectroscopy and Microscopy. 
650 2 4 |a Energy, general. 
710 2 |a SpringerLink (Online service) 
773 0 |t Springer eBooks 
776 0 8 |i Printed edition:  |z 9780387473130 
856 4 0 |u http://dx.doi.org/10.1007/978-0-387-47314-7  |z Full Text via HEAL-Link 
912 |a ZDB-2-ENG 
950 |a Engineering (Springer-11647)